[Event "16e Tournoi d'Automne - Tournoi C"]
[Site "Montigny le Bretonneux"]
[Date "2017.10.24"]
[Round "1.1"]
[White "Couradin, Jean-Marie"]
[Black "Branson, James"]
[Result "1-0"]
[WhiteElo "1638"]
[BlackElo "1525"]
[Annotator "Rivier,Sylvain"]
[PlyCount "137"]
[EventDate "2017.??.??"]
[WhiteTeam "La Dame Noire"]
[BlackTeam "Club d'Echecs de Guyancourt"]

{Gambit dame, variante Meran} 1. d4 d5 2. c4 c6 3. Nc3 Nf6 4. e3 e6 5. Nf3 a6
6. Bd3 Nbd7 7. O-O dxc4 8. Bxc4 b5 9. Bd3 b4 10. Na4 Bb7 11. Qe2 Qa5 12. b3 c5
13. Bd2 Ne4 14. Rfc1 Nxd2 15. Nxd2 cxd4 16. exd4 Be7 17. Rc2 O-O 18. Rac1 Nf6
19. Nc5 Bxc5 20. dxc5 Bc6 21. Nc4 Qc7 22. Nd6 a5 23. Rc4 g6 24. Qe5 Qe7 25. Qg5
Nd5 26. Qh6 f5 27. Rh4 g5 28. Rh5 Nf4 29. Qxg5+ Qxg5 30. Rxg5+ Kh8 31. Bc4 h6
32. Rg3 Rab8 33. f3 Kh7 34. Re1 Rf6 35. Kf2 Rg8 36. Rxg8 Kxg8 37. g3 Nd5 38.
Re5 Kf8 39. Bxd5 Bxd5 40. Ke3 Ke7 41. f4 Kd7 42. Kd4 Rf8 43. Nxf5 a4 44. c6+
Bxc6 45. Ne3 Rb8 46. Nc4 axb3 47. axb3 Bd5 48. Rh5 Ke7 49. Rxh6 Bf3 50. Rh7+
Kf6 51. Ne5 Rb7 52. Rh6+ Kg7 53. Rxe6 Bd1 54. Kc4 Be2+ 55. Kc5 Bd1 56. Rb6 Rxb6
57. Kxb6 Bxb3 58. Kb5 Be6 59. Kxb4 Bh3 60. Kc5 Kf6 61. Kd4 Kf5 62. Ke3 Bf1 63.
g4+ Ke6 64. h4 Bh3 65. h5 Kf6 66. h6 Bf1 67. g5+ Kf5 68. h7 Bb5 69. h8=Q 1-0

[Event "16e Tournoi d'Automne - Tournoi C"]
[Site "Montigny le Bretonneux"]
[Date "2017.10.21"]
[Round "1.2"]
[White "Baltzer, Jean-Marc"]
[Black "Longbien, Dominique"]
[Result "0-1"]
[WhiteElo "1377"]
[BlackElo "1487"]
[Annotator "Rivier,Sylvain"]
[PlyCount "72"]
[EventDate "2017.??.??"]
[WhiteTeam "Echiquier Scéen - Sceaux"]
[BlackTeam "La Dame Noire"]

{Ouverture anglaise} 1. c4 e6 2. Nf3 d5 3. g3 Nf6 4. Bg2 Bd6 5. O-O O-O 6. b3
Nc6 7. Bb2 Na5 8. d3 h6 9. Nbd2 Nc6 10. e4 dxe4 11. dxe4 e5 12. h3 Re8 13. a3
Bc5 14. Qc2 Nd4 15. Nxd4 Bxd4 16. Rad1 c5 17. Kh2 b6 18. f4 Qc7 19. fxe5 Bxe5
20. Bxe5 Rxe5 21. Rfe1 Bb7 22. Nb1 Rae8 23. Nc3 Rg5 24. Qf2 Qe5 25. Nd5 Nh5 26.
Nf4 Rxg3 27. Re3 Rxe3 28. Qxe3 Nxf4 29. Qg3 g5 30. h4 f6 31. hxg5 hxg5 32. Kh1
Bxe4 33. Bxe4 Qxe4+ 34. Kh2 Qe2+ 35. Kh1 Qxd1+ 36. Kh2 Re2+ 0-1

[Event "16e Tournoi d'Automne - Tournoi C"]
[Site "Montigny le Bretonneux"]
[Date "2017.10.26"]
[Round "1.3"]
[White "Djebab, Mohamed Larbi"]
[Black "Sagon, Lancelot"]
[Result "*"]
[WhiteElo "1399"]
[BlackElo "1401"]
[Annotator "Rivier,Sylvain"]
[PlyCount "96"]
[EventDate "2017.??.??"]
[WhiteTeam "Le Petit-Roque de Sèvres-Ville d'Avray"]
[BlackTeam "La Dame Noire"]

{Ouverture anglaise, variante des quatre cavaliers, structure du dragon} 1. c4
e5 2. g3 Nc6 3. Bg2 g6 4. Nc3 Nf6 5. Nf3 Bg7 6. d4 exd4 7. Nxd4 Nxd4 8. Qxd4
O-O 9. e4 Nxe4 10. Qd1 Nxc3 11. bxc3 Bxc3+ 12. Bd2 Re8+ 13. Kf1 Qf6 14. Bxc3
Qxc3 15. Rc1 Qe5 16. Bf3 d6 17. Kg2 Bf5 18. Bxb7 Be4+ 19. Bxe4 Qxe4+ 20. f3
Qe2+ 21. Qxe2 Rxe2+ 22. Kh3 Rxa2 23. c5 Rd2 24. cxd6 cxd6 25. Rc7 Re2 26. Rhc1
Kf8 27. Rd7 Re7 28. Rxd6 a5 29. Rcc6 Rea7 30. Rc2 a4 31. Ra2 a3 32. Rd3 Ra4 33.
Kg2 Kg7 34. Kf2 h5 35. h4 R8a7 36. Ke2 f6 37. f4 Kh6 38. Kd2 g5 39. fxg5+ fxg5
40. hxg5+ Kxg5 41. Kc2 Kg4 42. Kb3 R4a6 43. Kb4 Rf6 44. Raxa3 Rxa3 45. Rxa3 Rf3
46. Ra4 Kxg3 47. Ra8 h4 48. Rh8 h3 *

[Event "16e Tournoi d'Automne - Tournoi C"]
[Site "Montigny le Bretonneux"]
[Date "2017.10.21"]
[Round "1.4"]
[White "Agapov, Klimentiy"]
[Black "Tanchoux, Pierre"]
[Result "0-1"]
[WhiteElo "1290"]
[BlackElo "1260"]
[Annotator "Rivier,Sylvain"]
[PlyCount "110"]
[EventDate "2017.??.??"]
[WhiteTeam "La Dame Noire"]
[BlackTeam "La Dame Noire"]

{Défense sicilienne, variante Najdorf} 1. e4 c5 2. Nf3 d6 3. d4 cxd4 4. Nxd4
Nf6 5. Nc3 a6 6. Bd3 Qc7 7. O-O Nc6 8. Nxc6 Qxc6 9. Be3 g6 10. f4 e5 11. fxe5
Ng4 12. Nd5 dxe5 13. h3 Nxe3 14. Nxe3 Bc5 15. Qf3 O-O 16. Kh1 Qb6 17. Nc4 Qc7
18. a4 Be6 19. c3 Be7 20. b3 Bd7 21. Rad1 Bc6 22. Qe3 b5 23. Nb2 bxa4 24. Ra1
a3 25. Nc4 Bb7 26. Rfc1 Qd8 27. Nxe5 Bg5 28. Qc5 Bxc1 29. Rxc1 Qg5 30. Ra1 Rac8
31. Qa5 Rfe8 32. Nc4 Qxa5 33. Nxa5 Bxe4 34. Bxa6 Rxc3 35. Rxa3 Rc2 36. Bb7 Bxb7
37. Nxb7 Ree2 38. Ra1 Rxg2 39. Nd6 Rgd2 40. Ne4 Rd3 41. Nf6+ Kg7 42. Ne8+ Kh6
43. Nf6 Rxh3+ 44. Kg1 Rxb3 45. Ng4+ Kg7 46. Rf1 Rg3+ 47. Kh1 Rxg4 48. Rxf7+ Kh6
49. Rxh7+ Kg5 50. Rh5+ Kf4 51. Rf5+ Ke3 52. Rf3+ Ke4 53. Re3+ Kd4 54. Rg3 Rc1+
55. Kh2 Rxg3 0-1

[Event "16e Tournoi d'Automne - Tournoi C"]
[Site "Montigny le Bretonneux"]
[Date "2017.10.21"]
[Round "1.5"]
[White "Fruchard, Alois"]
[Black "Bastin, Eugene"]
[Result "1-0"]
[WhiteElo "1212"]
[BlackElo "1245"]
[Annotator "Rivier,Sylvain"]
[PlyCount "53"]
[EventDate "2017.??.??"]
[WhiteTeam "La Dame Noire"]
[BlackTeam "A.S.C.E.-S.E. Paris Est"]

{Gambit dame, défense Tchigorine} 1. d4 d5 2. c4 Nc6 3. Nc3 dxc4 4. e3 e6 5.
Bxc4 Bb4 6. Nf3 Nf6 7. a3 Bxc3+ 8. bxc3 Ne4 9. Qc2 Nd6 10. Bd3 Ne7 11. e4 Ng6
12. O-O h6 13. Be3 Bd7 14. Nd2 b5 15. f4 Qc8 16. Nf3 a6 17. Ne5 Nxe5 18. fxe5
Nc4 19. Bxc4 bxc4 20. Qf2 O-O 21. Qg3 Kh7 22. Qh3 Qd8 23. Rf6 Rb8 24. Raf1 Qe8
25. R1f3 Ba4 26. Rxh6+ gxh6 27. Qxh6+ 1-0

[Event "16e Tournoi d'Automne - Tournoi C"]
[Site "Montigny le Bretonneux"]
[Date "2017.10.22"]
[Round "2.1"]
[White "Tanchoux, Pierre"]
[Black "Fruchard, Alois"]
[Result "1/2-1/2"]
[WhiteElo "1260"]
[BlackElo "1212"]
[Annotator "Rivier,Sylvain"]
[PlyCount "91"]
[EventDate "2017.??.??"]

{Défense française, variante d'échange} 1. e4 e6 2. d4 d5 3. exd5 exd5 4. Nf3
Nf6 5. Be2 Bd6 6. Nc3 O-O 7. Bg5 c6 8. O-O Bf5 9. Bd3 Bxd3 10. Qxd3 Nbd7 11.
Rfe1 h6 12. Bxf6 Nxf6 13. h3 Qb6 14. b3 Rfe8 15. a3 c5 16. Qb5 Qc6 17. Qxc6
bxc6 18. dxc5 Bxc5 19. b4 Bb6 20. Na4 Ne4 21. Nxb6 axb6 22. Re3 Rec8 23. c4 g6
24. cxd5 cxd5 25. Rd1 Nc3 26. Ra1 b5 27. Ne5 Ne4 28. Rf3 Ra7 29. Rd3 Nf6 30.
Ng4 Nxg4 31. hxg4 Rd8 32. Rad1 d4 33. Rxd4 Rxd4 34. Rxd4 Rxa3 35. Rd5 Ra1+ 36.
Kh2 Rb1 37. Rxb5 Kf8 38. Rb7 Kg7 39. f4 Kf6 40. Rb6+ Kg7 41. f5 gxf5 42. gxf5
Rf1 43. Rb5 Kf6 44. g4 Kg5 45. Rb6 Kxg4 46. Rxh6 1/2-1/2

[Event "16e Tournoi d'Automne - Tournoi C"]
[Site "Montigny le Bretonneux"]
[Date "2017.10.23"]
[Round "2.2"]
[White "Branson, James"]
[Black "Longbien, Dominique"]
[Result "0-1"]
[WhiteElo "1525"]
[BlackElo "1487"]
[Annotator "Rivier,Sylvain"]
[PlyCount "44"]
[EventDate "2017.??.??"]
[WhiteTeam "Club d'Echecs de Guyancourt"]
[BlackTeam "La Dame Noire"]

{Gambit du roi} 1. e4 e5 2. f4 Nc6 3. Nf3 f6 4. Bc4 Nge7 5. fxe5 Nxe5 6. Nxe5
fxe5 7. O-O d5 8. exd5 Nxd5 9. Qh5+ g6 10. Qxe5+ Qe7 11. Qxd5 Bf5 12. Qxb7 Be4
13. Qb5+ c6 14. Qa5 Bxg2 15. Kxg2 Qe4+ 16. Rf3 Qg4+ 17. Rg3 Qe4+ 18. Kf2 Be7
19. d3 Rf8+ 20. Kg1 Bc5+ 21. Qxc5 Qe1+ 22. Kg2 Qf1# 0-1

[Event "16e Tournoi d'Automne - Tournoi C"]
[Site "Montigny le Bretonneux"]
[Date "2017.10.22"]
[Round "2.3"]
[White "Couradin, Jean-Marie"]
[Black "Agapov, Klimentiy"]
[Result "1/2-1/2"]
[WhiteElo "1638"]
[BlackElo "1290"]
[Annotator "Rivier,Sylvain"]
[PlyCount "76"]
[EventDate "2017.??.??"]

{Ouverture du pion dame} 1. d4 d6 2. Nf3 g6 3. Bf4 Bg7 4. e3 Bg4 5. Be2 Bxf3 6.
Bxf3 c6 7. c4 Nd7 8. Nc3 Ngf6 9. h3 O-O 10. O-O Re8 11. Qc2 e5 12. dxe5 dxe5
13. Bg3 Qc7 14. b4 b6 15. Rad1 Rad8 16. Rd2 Nf8 17. Rfd1 Qe7 18. Rxd8 Rxd8 19.
Rxd8 Qxd8 20. Bxe5 Qe7 21. Bxf6 Bxf6 22. a3 a5 23. Bxc6 axb4 24. axb4 Qxb4 25.
Nd5 Qd6 26. Qe4 Bd8 27. Bb5 Ne6 28. g3 Bc7 29. Nf6+ Kh8 30. Qa8+ Nd8 31. Ne8
Qe7 32. Qc8 Bxg3 33. fxg3 Qxe3+ 34. Kf1 Qf3+ 35. Ke1 Qe3+ 36. Kf1 Qf3+ 37. Kg1
Qxg3+ 38. Kh1 Qf3+ 1/2-1/2

[Event "16e Tournoi d'Automne - Tournoi C"]
[Site "Montigny le Bretonneux"]
[Date "2017.10.23"]
[Round "3.1"]
[White "Longbien, Dominique"]
[Black "Sagon, Lancelot"]
[Result "1/2-1/2"]
[WhiteElo "1487"]
[BlackElo "1401"]
[Annotator "Rivier,Sylvain"]
[PlyCount "75"]
[EventDate "2017.??.??"]

{Défense des deux cavaliers} 1. e4 e5 2. Nf3 Nc6 3. Bc4 Nf6 4. Ng5 d5 5. Bb5
Nxe4 6. Nxe4 dxe4 7. O-O Bc5 8. Nc3 Bf5 9. Qe2 O-O 10. Nxe4 Nd4 11. Qc4 Bxe4
12. Qxc5 Nxc2 13. d3 Bxd3 14. Bxd3 Qxd3 15. Rb1 Nd4 16. Be3 Ne6 17. Qxe5 Rad8
18. Bxa7 b6 19. f4 Qd4+ 20. Qxd4 Nxd4 21. Rfd1 Nc6 22. Rdc1 Nxa7 23. Rxc7 Nb5
24. Rb7 Rb8 25. Rd7 Rfd8 26. Rbd1 Rxd7 27. Rxd7 Kf8 28. a4 Rc8 29. axb5 Rc5 30.
b4 Rxb5 31. Rd4 Ke7 32. Kf2 Ke6 33. g4 f5 34. g5 Rd5 35. Ke3 g6 36. Kd3 b5 37.
h3 Kd6 38. Kc3 1/2-1/2

[Event "16e Tournoi d'Automne - Tournoi C"]
[Site "Montigny le Bretonneux"]
[Date "2017.10.23"]
[Round "3.2"]
[White "Djebab, Mohamed Larbi"]
[Black "Tanchoux, Pierre"]
[Result "1-0"]
[WhiteElo "1399"]
[BlackElo "1260"]
[Annotator "Rivier,Sylvain"]
[PlyCount "95"]
[EventDate "2017.??.??"]

{Ouverture anglaise} 1. c4 e5 2. g3 Nf6 3. Bg2 Bc5 4. Nc3 d6 5. Nf3 Ng4 6. d4
exd4 7. Nxd4 O-O 8. O-O c6 9. h3 Ne5 10. b3 Be6 11. e4 Qc8 12. Nxe6 fxe6 13.
Na4 Rd8 14. Nxc5 dxc5 15. Qc2 Nd3 16. Rd1 Nxc1 17. Raxc1 e5 18. Rxd8+ Qxd8 19.
Rd1 Qe7 20. Rd3 Na6 21. a3 Rd8 22. Qd1 Rxd3 23. Qxd3 Nc7 24. f4 exf4 25. gxf4
Ne6 26. b4 Nxf4 27. Qf3 Nxg2 28. Kxg2 cxb4 29. axb4 Qxb4 30. Qd3 Qe7 31. Qd4 b6
32. e5 Qg5+ 33. Kf3 Qf5+ 34. Kg3 Qg5+ 35. Kf3 Qe7 36. Qd6 Qf7+ 37. Ke4 Qxc4+
38. Kf5 Qf7+ 39. Kg4 Qc4+ 40. Kf5 Qc2+ 41. Ke6 Qc4+ 42. Kd7 Qd5 43. Qxd5+ cxd5
44. e6 d4 45. e7 Kf7 46. e8=Q+ Kf6 47. h4 a5 48. Qe6# 1-0

[Event "16e Tournoi d'Automne - Tournoi C"]
[Site "Montigny le Bretonneux"]
[Date "2017.10.23"]
[Round "3.3"]
[White "Fruchard, Alois"]
[Black "Couradin, Jean-Marie"]
[Result "1/2-1/2"]
[WhiteElo "1212"]
[BlackElo "1638"]
[Annotator "Rivier,Sylvain"]
[PlyCount "116"]
[EventDate "2017.??.??"]
[WhiteTeam "La Dame Noire"]
[BlackTeam "La Dame Noire"]

{Défense Benoni} 1. d4 Nf6 2. c4 e6 3. Nc3 c5 4. dxc5 Bxc5 5. e3 Nc6 6. Nf3 b6
7. g3 Bb7 8. b3 O-O 9. Bg2 Qc7 10. O-O Rac8 11. Bb2 a6 12. Qc2 Nb4 13. Qe2 Be7
14. Rad1 d5 15. cxd5 Nbxd5 16. Nxd5 Nxd5 17. Nd4 Bf6 18. Qg4 Bxd4 19. Bxd4 f5
20. Qh5 Nf6 21. Qg5 Bxg2 22. Kxg2 e5 23. Bb2 Ne4 24. Qh5 Qc6 25. Qf3 Qc2 26.
Bxe5 Qxa2 27. Rd7 Nf6 28. Qxf5 Qxb3 29. Rb1 Qa4 30. Qe6+ Kh8 31. Bxf6 Rxf6 32.
Qe7 Qc6+ 33. Kg1 Rg8 34. Rd8 Re6 35. Qf8 Re8 36. Rxe8 Qxe8 37. Qxe8 Rxe8 38.
Rxb6 Ra8 39. Rb2 Kg8 40. Kg2 Kf7 41. f4 a5 42. Ra2 Ke6 43. Kf2 Kd5 44. Rc2 Ra7
45. Ke2 a4 46. Kd3 a3 47. Ra2 g6 48. e4+ Kc5 49. Kc3 Ra4 50. e5 Kd5 51. Kb3 Re4
52. Rc2 g5 53. Rd2+ Ke6 54. Rd6+ Ke7 55. Kxa3 gxf4 56. gxf4 Rxf4 57. Rh6 Re4
58. Rxh7+ Ke6 1/2-1/2

[Event "16e Tournoi d'Automne - Tournoi C"]
[Site "Montigny le Bretonneux"]
[Date "2017.10.23"]
[Round "3.4"]
[White "Agapov, Klimentiy"]
[Black "Branson, James"]
[Result "0-1"]
[WhiteElo "1290"]
[BlackElo "1525"]
[Annotator "Rivier,Sylvain"]
[PlyCount "102"]
[EventDate "2017.??.??"]

{Partie ddes quatre cavaliers, variante écossaise} 1. e4 e5 2. Nf3 Nc6 3. Nc3
Bc5 4. g3 Nf6 5. d3 d6 6. Bg5 h6 7. Bxf6 Qxf6 8. Nd5 Qd8 9. Bg2 Bg4 10. h3 Be6
11. c3 Ne7 12. Qe2 c6 13. Nxe7 Qxe7 14. d4 exd4 15. cxd4 Bb4+ 16. Nd2 O-O 17.
O-O Qd7 18. a3 Ba5 19. b4 Bb6 20. Nf3 Bxh3 21. Rfe1 Bg4 22. Qe3 Rae8 23. Rad1
Qe6 24. Rd2 Qc4 25. Qd3 Qxd3 26. Rxd3 d5 27. exd5 Rxe1+ 28. Nxe1 Re8 29. Kf1
Be2+ 30. Kg1 Bxd3 31. Nxd3 cxd5 32. Bxd5 Rd8 33. Bxb7 Rxd4 34. Nf4 g5 35. Nh5
Rd2 36. Nf6+ Kg7 37. Nh5+ Kg6 38. g4 f5 39. Bc6 Kf7 40. gxf5 Rxf2 41. Bd5+ Kf8
42. Kh1 Rxf5 43. Be4 Re5 44. Bc2 Re1+ 45. Kh2 Re2+ 46. Kh3 Rxc2 47. Kg4 Rg2+
48. Ng3 Kf7 49. Kh5 Be3 50. Kxh6 Rh2+ 51. Nh5 g4+ 0-1

[Event "16e Tournoi d'Automne - Tournoi C"]
[Site "Montigny le Bretonneux"]
[Date "2017.10.23"]
[Round "3.5"]
[White "Baltzer, Jean-Marc"]
[Black "Bastin, Eugene"]
[Result "1-0"]
[WhiteElo "1377"]
[BlackElo "1245"]
[Annotator "Rivier,Sylvain"]
[PlyCount "107"]
[EventDate "2017.??.??"]
[WhiteTeam "Echiquier Scéen - Sceaux"]
[BlackTeam "A.S.C.E.-S.E. Paris Est"]

{Ouverture anglaise, variante sicilienne inversée} 1. c4 e5 2. Nc3 Nf6 3. e4
Bc5 4. g3 a6 5. Bg2 d6 6. h3 Nc6 7. Nge2 Be6 8. d3 Rb8 9. O-O Qd7 10. Kh2 h6
11. f4 exf4 12. gxf4 Qe7 13. f5 Bd7 14. Ng3 Bd4 15. Bf4 Ne5 16. Rb1 Bc6 17.
Nce2 Ba7 18. b3 b5 19. d4 Ned7 20. d5 Ba8 21. Rc1 Nc5 22. Qc2 bxc4 23. Qxc4 Bb6
24. a3 O-O 25. b4 Ncd7 26. Qxa6 Bb7 27. Qd3 Ra8 28. Rfe1 Ra4 29. Rc2 Rfa8 30.
Bc1 Ne5 31. Qd2 R4a7 32. Nd4 Ba6 33. Nc6 Nxc6 34. dxc6 Bb5 35. Bb2 Nh7 36. e5
dxe5 37. Rxe5 Qg5 38. Qxg5 Nxg5 39. Rxb5 Rd8 40. Re5 Raa8 41. h4 Nh7 42. Re7
Nf6 43. Bxf6 gxf6 44. Ra2 Rd4 45. Kh3 Kf8 46. Rd7 Re8 47. Rxd4 Bxd4 48. Rd2 Be5
49. Ne4 Ra8 50. Ra2 Ra6 51. b5 Ra4 52. Nc5 Rc4 53. Nd7+ Kg7 54. Nxe5 1-0

[Event "16e Tournoi d'Automne - Tournoi C"]
[Site "Montigny le Bretonneux"]
[Date "2017.10.24"]
[Round "4.1"]
[White "Bastin, Eugene"]
[Black "Longbien, Dominique"]
[Result "0-1"]
[WhiteElo "1245"]
[BlackElo "1487"]
[Annotator "Rivier,Sylvain"]
[PlyCount "54"]
[EventDate "2017.??.??"]

{Partie espagnole, variante Cordel} 1. e4 e5 2. Nf3 Nc6 3. Bb5 Bc5 4. O-O d6 5.
d4 exd4 6. Nxd4 Bd7 7. c3 Qf6 8. Nxc6 Bxc6 9. Bxc6+ bxc6 10. Qe2 Ne7 11. Be3
Bb6 12. Rd1 O-O 13. Nd2 Rab8 14. Nf3 Bxe3 15. fxe3 Ng6 16. Rf1 Qe6 17. Qc2 Rfe8
18. Ng5 Qg4 19. Nxf7 Rxe4 20. Rf2 Rf8 21. Raf1 Re7 22. Qb3 d5 23. Ne5 Rxe5 24.
Rxf8+ Nxf8 25. Qb8 Rf5 26. Qb3 Rxf1+ 27. Kxf1 Qc4+ 0-1

[Event "16e Tournoi d'Automne - Tournoi C"]
[Site "Montigny le Bretonneux"]
[Date "2017.10.24"]
[Round "4.2"]
[White "Tanchoux, Pierre"]
[Black "Baltzer, Jean-Marc"]
[Result "1/2-1/2"]
[WhiteElo "1260"]
[BlackElo "1377"]
[Annotator "Rivier,Sylvain"]
[PlyCount "32"]
[EventDate "2017.??.??"]

{Défense Alekhine, variante de chasse} 1. e4 Nf6 2. Nc3 d5 3. exd5 Nxd5 4. Nxd5
Qxd5 5. d4 Nc6 6. Nf3 Bg4 7. c3 O-O-O 8. Be2 e6 9. O-O Bd6 10. Re1 f6 11. Qb3
Qh5 12. Bd1 Rhe8 13. h3 Bf5 14. Ne5 Qh4 15. Nf3 Qh5 16. Ne5 Qh4 1/2-1/2

[Event "16e Tournoi d'Automne - Tournoi C"]
[Site "Montigny le Bretonneux"]
[Date "2017.10.24"]
[Round "4.3"]
[White "Agapov, Klimentiy"]
[Black "Fruchard, Alois"]
[Result "0-1"]
[WhiteElo "1290"]
[BlackElo "1212"]
[Annotator "Rivier,Sylvain"]
[PlyCount "74"]
[EventDate "2017.??.??"]

{Défense française, variante d'échange} 1. e4 e6 2. Nf3 d5 3. exd5 exd5 4. d4
Nf6 5. c4 c6 6. Nc3 Be6 7. Qb3 Qc7 8. Bf4 Bd6 9. Bxd6 Qxd6 10. c5 Qc7 11. Na4
Nbd7 12. Bd3 O-O 13. h3 Ne4 14. Qc2 f5 15. Nc3 Ndf6 16. Ne5 Nd7 17. Nxd7 Qxd7
18. f3 Nxc3 19. bxc3 b6 20. cxb6 axb6 21. g4 Rae8 22. O-O-O g6 23. g5 f4 24. h4
Bf5 25. Bxf5 Rxf5 26. Rde1 Rf7 27. Qd2 Rfe7 28. Kd1 Re3 29. Rxe3 fxe3 30. Qe2
Qf5 31. Kc1 Qf4 32. Kc2 Ra8 33. Kb2 c5 34. Qd3 Qxf3 35. Rf1 Qg2+ 36. Kc1 Rxa2
37. Kb1 Qb2# 0-1

[Event "16e Tournoi d'Automne - Tournoi C"]
[Site "Montigny le Bretonneux"]
[Date "2017.10.24"]
[Round "4.4"]
[White "Couradin, Jean-Marie"]
[Black "Djebab, Mohamed Larbi"]
[Result "1-0"]
[WhiteElo "1638"]
[BlackElo "1399"]
[Annotator "Rivier,Sylvain"]
[PlyCount "65"]
[EventDate "2017.??.??"]

{Défense Grünfeld} 1. d4 Nf6 2. c4 g6 3. Bf4 d5 4. e3 Bg7 5. Nf3 Bg4 6. h3 Bxf3
7. Qxf3 O-O 8. Nc3 c6 9. Bd3 dxc4 10. Bxc4 Nbd7 11. O-O Nb6 12. Bb3 Nfd5 13.
Bg3 Re8 14. e4 Nf6 15. Rad1 e6 16. Bh4 h6 17. e5 g5 18. Bg3 Nfd5 19. Ne4 Qe7
20. Nd6 Red8 21. Qe4 Nc8 22. Bc2 f5 23. exf6 Nxf6 24. Nxc8 Raxc8 25. Qe2 Nd5
26. Rfe1 Nf4 27. Bxf4 gxf4 28. Bf5 Rc7 29. Qc4 b5 30. Qb3 Bxd4 31. Rxe6 Qc5 32.
Rxc6+ Qd5 33. Be6+ 1-0

[Event "16e Tournoi d'Automne - Tournoi C"]
[Site "Montigny le Bretonneux"]
[Date "2017.10.24"]
[Round "4.5"]
[White "Branson, James"]
[Black "Sagon, Lancelot"]
[Result "1/2-1/2"]
[WhiteElo "1525"]
[BlackElo "1401"]
[Annotator "Rivier,Sylvain"]
[PlyCount "127"]
[EventDate "2017.??.??"]

{Gambit du roi, gambit du cavalier} 1. e4 e5 2. f4 exf4 3. Nf3 Nc6 4. d4 d5 5.
exd5 Qxd5 6. Bd3 Bg4 7. O-O Nxd4 8. Nc3 Qc5 9. Qe1+ Be7 10. Kh1 Nxf3 11. gxf3
Bh3 12. Ne4 Qh5 13. Rf2 O-O-O 14. Bxf4 Bc5 15. Nxc5 Qxc5 16. Be3 Qe5 17. Bxa7
Qxe1+ 18. Rxe1 Nf6 19. Bc5 Rhe8 20. Rfe2 Rxe2 21. Rxe2 Re8 22. Rxe8+ Nxe8 23.
f4 g6 24. Kg1 Kd7 25. Be4 c6 26. c3 Nf6 27. Bf3 Nd5 28. Kf2 Nxf4 29. Kg3 Ne6
30. Be3 Bf5 31. a4 Nc7 32. b4 Nd5 33. Bd4 Bd3 34. a5 Ke6 35. Bg4+ f5 36. Bd1
Bc4 37. h4 Nf6 38. Kf4 h6 39. Bf3 Bd3 40. Ke3 Bc4 41. Bxf6 Kxf6 42. Kd4 Bf1 43.
c4 g5 44. hxg5+ hxg5 45. a6 bxa6 46. Bxc6 g4 47. Bb7 g3 48. Ke3 Bxc4 49. Kf4
Bb5 50. Kxg3 Ke5 51. Kf3 f4 52. Ba8 Bc4 53. Bb7 Bd5+ 54. Bxd5 Kxd5 55. Kxf4 Kc4
56. Ke3 Kxb4 57. Kd2 Kb3 58. Kc1 Ka2 59. Kc2 a5 60. Kc1 a4 61. Kc2 Ka1 62. Kc1
a3 63. Kc2 a2 64. Kc1 1/2-1/2

[Event "16e Tournoi d'Automne - Tournoi C"]
[Site "Montigny le Bretonneux"]
[Date "2017.10.25"]
[Round "5.1"]
[White "Longbien, Dominique"]
[Black "Tanchoux, Pierre"]
[Result "1-0"]
[WhiteElo "1487"]
[BlackElo "1260"]
[Annotator "Rivier,Sylvain"]
[PlyCount "57"]
[EventDate "2017.??.??"]

{Défense sicilienne, variante Scheveningue} 1. e4 c5 2. Nf3 d6 3. Be2 Nf6 4.
Nc3 a6 5. O-O e6 6. d4 cxd4 7. Nxd4 b5 8. Bf3 e5 9. Nb3 Bb7 10. Be3 Be7 11. Re1
O-O 12. Nd2 Nbd7 13. Nf1 Qc7 14. Ng3 Rad8 15. Nf5 Nc5 16. Bg5 Rfe8 17. Nxe7+
Rxe7 18. Nd5 Bxd5 19. exd5 Rde8 20. Bxf6 gxf6 21. b4 Nd7 22. Be4 Kh8 23. Qh5
Nf8 24. Re3 Ng6 25. Rh3 Kg8 26. Qxh7+ Kf8 27. Bxg6 Qc8 28. Bf5 Qc3 29. Rxc3 1-0

[Event "16e Tournoi d'Automne - Tournoi C"]
[Site "Montigny le Bretonneux"]
[Date "2017.10.25"]
[Round "5.2"]
[White "Fruchard, Alois"]
[Black "Branson, James"]
[Result "1/2-1/2"]
[WhiteElo "1212"]
[BlackElo "1525"]
[Annotator "Rivier,Sylvain"]
[PlyCount "47"]
[EventDate "2017.??.??"]

{Défense Nimzo-indienne, variante Sämisch} 1. d4 Nf6 2. c4 e6 3. Nc3 Bb4 4. a3
Bxc3+ 5. bxc3 c5 6. Nf3 Ne4 7. Qc2 f5 8. e3 Qa5 9. Bd2 O-O 10. Bd3 d5 11. cxd5
exd5 12. c4 Nxd2 13. Nxd2 cxd4 14. cxd5 dxe3 15. fxe3 Kh8 16. O-O Qxd5 17. e4
Qd4+ 18. Kh1 g6 19. exf5 Bxf5 20. Bxf5 gxf5 21. Rab1 Qd5 22. Qc3+ Kg8 23. Qg3+
Kh8 24. Qc3+ 1/2-1/2

[Event "16e Tournoi d'Automne - Tournoi C"]
[Site "Montigny le Bretonneux"]
[Date "2017.10.25"]
[Round "5.3"]
[White "Baltzer, Jean-Marc"]
[Black "Couradin, Jean-Marie"]
[Result "1/2-1/2"]
[WhiteElo "1377"]
[BlackElo "1638"]
[Annotator "Rivier,Sylvain"]
[PlyCount "140"]
[EventDate "2017.??.??"]

{Ouverture anglaise} 1. c4 Nf6 2. Nc3 e5 3. e4 c6 4. Nf3 d6 5. h3 Be7 6. Be2
Bd7 7. O-O O-O 8. d4 exd4 9. Nxd4 Na6 10. Bf4 Nc5 11. Qc2 Ne6 12. Nxe6 Bxe6 13.
Rfd1 Qc7 14. c5 Rad8 15. Rd2 Rd7 16. Rad1 Rfd8 17. cxd6 Bxd6 18. Bxd6 Rxd6 19.
Rxd6 Rxd6 20. Rd2 Qd7 21. Rxd6 Qxd6 22. Qd3 Qxd3 23. Bxd3 Nd7 24. Be2 b5 25. b4
Kf8 26. f3 a6 27. Kf2 Ke7 28. Ke3 Kd6 29. Kd4 f6 30. a3 g5 31. Nd1 c5+ 32.
bxc5+ Nxc5 33. Ne3 Nb3+ 34. Kc3 Nc5 35. Nc2 h5 36. Nb4 h4 37. Bd3 Bd7 38. Kd4
Bc8 39. Nd5 Ne6+ 40. Kc3 Ke5 41. Kb4 Bb7 42. Nc3 Kf4 43. Nd5+ Kg3 44. Nxf6 Kxg2
45. e5 Kxf3 46. Bf5 Nd4 47. Bd7 Bc6 48. Bg4+ Kf4 49. e6 Nf5 50. Kc5 Ke5 51. Nh7
Ne7 52. Nxg5 a5 53. Nf3+ Bxf3 54. Bxf3 Kxe6 55. Kxb5 Ng6 56. Kxa5 Ne5 57. Be2
Kd6 58. Kb5 Nc6 59. a4 Nd4+ 60. Kb6 Nxe2 61. a5 Nd4 62. a6 Nc6 63. Kb5 Kc7 64.
Kc5 Na7 65. Kd5 Kb6 66. Ke5 Nc6+ 67. Kf5 Nd4+ 68. Kg4 Ne2 69. Kxh4 Ng1 70. Kg3
Nxh3 1/2-1/2

[Event "16e Tournoi d'Automne - Tournoi C"]
[Site "Montigny le Bretonneux"]
[Date "2017.10.25"]
[Round "5.4"]
[White "Sagon, Lancelot"]
[Black "Bastin, Eugene"]
[Result "1-0"]
[WhiteElo "1401"]
[BlackElo "1245"]
[Annotator "Rivier,Sylvain"]
[PlyCount "89"]
[EventDate "2017.??.??"]

{Défense des deux cavaliers} 1. e4 e5 2. Nf3 Nc6 3. Bc4 Nf6 4. Nc3 Be7 5. O-O
O-O 6. d3 d6 7. h3 Na5 8. Bb3 Nxb3 9. axb3 Bd7 10. Be3 b6 11. Qd2 Bc6 12. Ra2
Re8 13. Rfa1 Qb8 14. Bg5 Nd7 15. Bxe7 Rxe7 16. Nd5 Bxd5 17. exd5 Re8 18. c4 Rf8
19. d4 e4 20. Ng5 f5 21. Ne6 Rf6 22. Qg5 g6 23. h4 a5 24. b4 Rf7 25. bxa5 bxa5
26. Rxa5 Rxa5 27. Rxa5 Nf8 28. Qd2 Nxe6 29. dxe6 Re7 30. d5 Re8 31. b4 Qd8 32.
g3 Qf6 33. c5 Qe5 34. cxd6 Qxd6 35. Qd4 Rb8 36. Qc5 Qe5 37. Ra7 Rc8 38. b5 f4
39. Ra3 fxg3 40. Rxg3 Qf4 41. h5 Ra8 42. Qe3 Ra1+ 43. Kg2 Qe5 44. hxg6 h6 45.
Qxh6 1-0

[Event "16e Tournoi d'Automne - Tournoi C"]
[Site "Montigny le Bretonneux"]
[Date "2017.10.26"]
[Round "6.1"]
[White "Couradin, Jean-Marie"]
[Black "Longbien, Dominique"]
[Result "1-0"]
[WhiteElo "1638"]
[BlackElo "1487"]
[Annotator "Rivier,Sylvain"]
[PlyCount "59"]
[EventDate "2017.??.??"]

{Défense Grünfeld} 1. d4 Nf6 2. Nf3 g6 3. Bf4 d5 4. e3 Bg7 5. c4 Nbd7 6. Nc3 c6
7. Be2 O-O 8. h3 Re8 9. O-O Nh5 10. Bh2 e5 11. cxd5 exd4 12. Nxd4 c5 13. Ndb5
Be5 14. Bxh5 Bxh2+ 15. Kxh2 gxh5 16. d6 Re5 17. Nc7 Rb8 18. Qd3 Nf6 19. e4 Rg5
20. f4 Rg7 21. Rad1 Bd7 22. e5 Ne8 23. N3d5 Bc6 24. Rf2 Rc8 25. Ne7+ Kh8 26.
Nxe8 Qxe8 27. Nxc8 Qxc8 28. d7 Qd8 29. Qd6 Qg8 30. d8=Q 1-0